书目信息 |
| 题名: |
化学反应动力学
|
|
| 作者: | 许越 编 | |
| 分册: | ||
| 出版信息: | 北京 化学工业出版社 2005.01 |
|
| 页数: | 238页 | |
| 开本: | 26cm | |
| 丛书名: | ||
| 单 册: | ||
| 中图分类: | O643.12 | |
| 科图分类: | ||
| 主题词: | 物理化学 , 量子化学 | |
| 电子资源: | ||
| ISBN: | 7-5025-5762-8 | |
| 000 | 00557nam0 2200205 450 | |
| 001 | 0553163972 | |
| 005 | 20051110085917.54 | |
| 010 | @a7-5025-5762-8@dCNY 28.00 | |
| 100 | @a20050608d2005 km y0chiy0120 ea | |
| 101 | 0 | @achi |
| 102 | @aCN@b110000 | |
| 200 | 1 | @a化学反应动力学@Ahua xue fan ying dong li xue@f许越编@Fxu yue bian |
| 210 | @a北京@c化学工业出版社@d2005.01 | |
| 215 | @a238页@d26cm | |
| 606 | 0 | @a物理化学 |
| 606 | 0 | @a量子化学 |
| 690 | @aO643.12@v4 | |
| 701 | 0 | @a许越@Axu yue@4编 |
| 801 | 0 | @aCN@bPFT@c20051110 |
| 905 | @a10447@dO643.12@eX911 | |
| 化学反应动力学/许越编.-北京:化学工业出版社,2005.01 |
| 238页;26cm |
| ISBN 7-5025-5762-8:CNY 28.00 |
| ● |
| 相关链接 |
|
|
|
正题名:化学反应动力学
索取号:O643.12/X911
 
预约/预借
| 序号 | 登录号 | 条形码 | 馆藏地/架位号 | 状态 | 备注 |
| 1 | 536367 | 205363676 | 自科库401/401自科库 64排5列2层/ [索取号:O643.12/X911] | 在馆 | |
| 2 | 536368 | 205363685 | 自科库401/401自科库 64排5列2层/ [索取号:O643.12/X911] | 在馆 | |
| 3 | 536369 | 205363694 | 自科库401/401自科库 64排5列2层/ [索取号:O643.12/X911] | 在馆 | |
| 4 | 536370 | 205363701 | 自科库401/401自科库 64排5列2层/ [索取号:O643.12/X911] | 在馆 | |
| 5 | 536371 | 205363710 | 自科库401/401自科库 64排5列2层/ [索取号:O643.12/X911] | 在馆 | |
| 6 | 573571 | 205735711 | 材料与化工学院资料室/ [索取号:O643.12/X911] | 在馆 | |
| 7 | 573572 | 205735720 | 自科库401/401自科库 64排5列2层/ [索取号:O643.12/X911] |
已借出,限还日期为2020.10.12 借出人:衡丽君 |
|
| 8 | 573573 | 205735739 | 自科库401/401自科库 64排5列2层/ [索取号:O643.12/X911] | 在馆 |